Lo scultore del grande bassorilievo : con la danza delle menadi in Tolemaide di Cirenaica /

Bibliographic Details
Main Author: Caputo, Giacomo
Format: Book
Language:Italian
Published: Roma : "L'Erma", 1948.
Series:Monografie di archeologia libica ; 1].
Subjects:

MARC

Tag First Indicator Second Indicator Subfields
LEADER 00000cam a2200000 4500
001 in00000019622
005 20151007053658.0
008 750314s1948 it af b 00010 ita d
035 |a (OCoLC)01216748 
035 |9 AAB2441AM 
040 |a JHE  |c JHE  |d m/c  |d TXA  |d UtOrBLW 
049 |a TXAM  |c [A12590068] 
050 4 |a NB133  |b .C2 1948 
100 1 |a Caputo, Giacomo. 
245 1 3 |a Lo scultore del grande bassorilievo :  |b con la danza delle menadi in Tolemaide di Cirenaica /  |c Giacomo Caputo. 
264 1 |a Roma :  |b "L'Erma",  |c 1948. 
300 |a 33 pages, 15 pages of plates :  |b illustrations ;  |c 29 cm. 
336 |a text  |b txt  |2 rdacontent 
337 |a unmediated  |b n  |2 rdamedia 
338 |a volume  |b nc  |2 rdacarrier 
490 1 |a [Monografie di archeologia libica,  |v 1] 
500 |a Issued without series statement. 
504 |a "Note": page 3l-33. 
650 0 |a Sculpture, Roman. 
650 0 |a Sculpture  |z Cyrenaica. 
830 0 |a Monografie di archeologia libica ;  |v 1]. 
999 |a MARS 
999 f f |s b9859026-cbdc-3bb2-9bd4-438c17a08e20  |i 93922374-cad1-359b-935e-cf9530e76b50  |t 0 
952 f f |p normal  |a Texas A&M University  |b College Station  |c Sterling C. Evans Library  |d Evans: Library Stacks  |t 0  |e NB133 .C2 1948  |h Library of Congress classification  |i unmediated -- volume  |m A14812590068 
998 f f |a NB133 .C2 1948  |t 0  |l Evans: Library Stacks